Statistics for Asian Trivia Logic Puzzle

Click here to take the quiz!

General Stats

  • This quiz has been taken 109 times
  • The average score is 20 of 31

Answer Stats

HintAnswer% Correct
1Indonesia:
2 Is Where The Creator Lives, (Thumbnail)
95%
10China:
9 Is The Country That Looks Like It Borders Kazakhstan.
83%
27India:
26 Has This Mountain: Fuji.
78%
26Japan:
29 Has This Mountain: Mount Everest.
75%
9Mongolia:
5 Is The Last Word Of 10.
75%
24Singapore:
21 Is The Enemy Of 27.
75%
17Afghanistan:
18: Can You Put This Capital The Correct Way? melasureJ
73%
29Nepal:
28 Is The Country That Doesn’t Recognize China Nor Taiwan.
73%
11South Korea:
8 Is The Last Word of 29.
73%
6Turkey:
10 Is The Most Populated Asian Country.
3 Is The Country Mostly Not Included In Quizes.
73%
18Israel: Ok. Enough With The Easiness. Goodluck Here!
14 Is The Eastern Part Of Passport Island.
72%
21Pakistan:
17 Is The Country Of Taliban.
72%
2Philippines:
6 Is Transcontinental.
72%
23Brunei:
24 Is The Country That Banned Gum.
70%
30Yemen:
25 Is This Scramble: anbloen
70%
19North Korea:
11: What Is My Enemy?
69%
22Timor-Leste:
23 Is The Country That Only Borders Malaysia.
69%
20Oman:
30 Is Yemen.
67%
13Vietnam: Ok Here Are Some Warmups.
19: What Country Has This Flag? 🇰🇵
67%
28Bhutan:
22 Is The Country That Only Borders Indonesia.
64%
25Lebanon:
27 Is In This Country: Indonesia.
64%
8Taiwan:
BONUS: 31 Is The Only Oceania Country To Border A Asian Country Without Maritime Borders.
64%
5Kazakhstan:
4 Has The Craziest Capital.
59%
7Kyrgyzstan:
20 and 30 Are The Only Countries That Start With Y and O.
59%
16Bangladesh:
15: What Country Does The Creator Think Its The Only Islands Nation?
55%
15Maldives:
14: What Is The Country That You Cant See If Its Green or White?
53%
4Sri Lanka:
7 Has This Capital: Bishkek
53%
12Qatar:
13: What Country Has This Province? An Giang.
50%
14Bahrain: You Really Think The Hardness Ends? Your Wrong. It Has Just Begun.
16 Is The Country Thats Similar To The Palau Flag.
12 Is Similar To My Flag.
44%
Papua New Guinea: Congratulations!
41%
3Palestine:
39%

Score Distribution

Percentile by Number Answered

Percent of People with Each Score

Your Score History

You have not taken this quiz